000 00261nam a22001217a 4500
008 181207b xxu||||| |||| 00| 0 eng d
041 _aeng
080 _a621
100 _a27
101 _aENG
245 _aIndustrial Plaastics
_cBaird.r.j
942 _2udc
_cBK
999 _c52987
_d52987